Statistics for Honda Car Models by Picture | Old

Click here to take the quiz!

General Stats

  • This quiz has been taken 39 times
  • The average score is 7 of 44

Answer Stats

Answer% Correct
S2000
75%
CR-X
61%
S600
57%
Integra
46%
Prelude
46%
Beat
43%
S800
43%
CR-Z
36%
Element
32%
Acty
29%
S500
29%
Crosstour
21%
N360
14%
City
11%
Z
11%
Accord Euro
7%
Airwave
7%
Concerto
7%
FR-V
7%
Inspire
7%
L700
7%
Logo
7%
Orthia
7%
Quint
7%
S-MX
7%
Stream
7%
Today
7%
Ascot
4%
Avancier
4%
Capa
4%
Crossroad
4%
Domani
4%
FCX
4%
Mobilio Spike
4%
Rafaga
4%
1300 99S
0%
CR-X De Sol
0%
EV Plus
0%
EX-L
0%
Life
0%
Life
0%
Torneo
0%
Vamos
0%
Zest
0%

Score Distribution

Percentile by Number Answered

Percent of People with Each Score

Your Score History

You have not taken this quiz